000 00319nam a22001337a 4500
003 OSt
005 20231128163337.0
008 231128b |||||||| |||| 00| 0 eng d
040 _cCO-JMCR
082 _aN /
_bFERa
100 _aFernández Ochoa, Adelaida,
_943012
245 _aAfuera crece un mundo /
942 _2ddc
_cBK
999 _c30437
_d16821